energetyki w Polsce - Statystyki

Ogólne statystyki
  • Ten quiz został rozwiązany 4 359 razy
  • Średni wynik to 5 z 10
Statystyki odpowiedzi
Hint Odpowiedź % Poprawnych
M Monster
95%
T Tiger
92%
R RedBull
90%
B Black
87%
R Rockstar
59%
B Burn
45%
L Level
29%
D Dzik
27%
H Hell
4%
K Kick
2%
Nie znaleziono quizów pasujących do podanych kryteriów
Rozkład punktacji
Procent ludzi z każdym wynikiem
Percentyl według liczby udzielonych odpowiedzi
Twoja historia wyników
Nie rozwiązałeś tego quizu